000 00852nam a22002532 4500
001 0000021434
005 20151217152231.0
008 120514s xx 000 0 eng d
020 _a0520035003 :
040 _aKABU
_cKABU
100 1 _aWeber, Max.
_@0000100875
245 1 0 _aEconomy and society :
_ban outline of interprise sociology /
_cedited by Guenther Roth and Claus Wittich.
250 _a1st ed.
260 _aLondon :
_bUniversity of California Press,
_c1978.
300 _a2 v.
650 0 _aSociology.
_@0000099021
650 0 _aEconomics.
_@0000148279
700 1 _aRoth, Guenther.
_@0000182283
700 1 _aWittich, Claus.
_@0000182284
852 1 _9p6611 KES (2v.)
852 1 _9p6611 KES (2v.)
908 _a120514
950 _@1
999 _c9677
_d9677